| 000 | 00831nas a2200253 4500 | ||
|---|---|---|---|
| 001 | BR9206872 | ||
| 003 | BR-BrBNA | ||
| 005 | 20231205093004.0 | ||
| 007 | ta | ||
| 008 | 230509b bl.|||p| |||| 00| 00por d | ||
| 040 |
_aBR-BrBNA _bpor _cBiblioteca Nacional de Agricultura |
||
| 041 | _a(Pt) | ||
| 072 | _aL70 | ||
| 100 | 1 | _aVogel, L. | |
| 100 | 1 | _aMarinho Junior, A. | |
| 100 | 1 | _aPorchera, A.J. | |
| 245 | 1 | _aInfluencia da vagotomia unilateral em nivel cervical contra a ulcera gastrica induzida no camundongo pela tecnica da contencao | |
| 650 | _aCAMUNDONGO | ||
| 650 | _aDOENCA ANIMAL | ||
| 650 | _aVETERINARIA | ||
| 773 | 0 |
_tArquivos da Universidade Federal Rural do Rio de Janeiro (Brazil) _xISSN 0100-2481 _g(1972), v. 2(2) p. 9-15 _wBR9206872 |
|
| 909 |
_a202311 _bLúcia _c55 _dLúcia Elande |
||
| 942 |
_2AGRIS _n0 _cANA |
||
| 999 |
_c135554 _d135554 |
||